New perspectives in astrophysical cosmology
Αποθηκεύτηκε σε:
| Κύριος συγγραφέας: | |
|---|---|
| Μορφή: | Βιβλίο |
| Γλώσσα: | English |
| Δημοσίευση: |
Cambridge :
Cambridge University press,
c2000
|
| Έκδοση: | 2nd ed. |
| Θέματα: | |
| Ετικέτες: |
Προσθήκη ετικέτας
Δεν υπάρχουν, Καταχωρήστε ετικέτα πρώτοι!
|
MARC
| LEADER | 00000nam a2200000 i 4500 | ||
|---|---|---|---|
| 001 | 1/4890 | ||
| 008 | 000602s2000 eng d | ||
| 020 | |a 0-521-47561-9 | ||
| 035 | |l 10061391 | ||
| 040 | |a GR-MY-UA |b gre |e aacr | ||
| 041 | 0 | |a eng | |
| 082 | 0 | |a 523.1 | |
| 100 | 1 | |a Rees, Martin J. |d 1942- | |
| 245 | 1 | 0 | |a New perspectives in astrophysical cosmology / |c Martin Rees |
| 250 | |a 2nd ed. | ||
| 260 | |a Cambridge : |b Cambridge University press, |c c2000 | ||
| 300 | |a viii, 158 p.; |b ill.; |c 24 cm. | ||
| 504 | |a Includes bibliographical references and indexes | ||
| 650 | 0 | 0 | |a Cosmology. |
| 650 | 0 | 0 | |a Galaxies. |
| 650 | 0 | 0 | |a Nuclear astrophysics. |
| 852 | |a INST |b SAMOS |e 20000602 |h 523.1 REE |p 005300019820 |q 005300019820 |t BK |y 0 | ||
| 901 | |a BIBL3-2000-2 | ||
| 909 | |a Σ |b 077783 | ||
| 922 | |a 3ΕΛΗ |b 200004 |c ΚΠΣ |d ΠΑΠΑΣΩΤΗΡΙΟΥ | ||
| 950 | |a 116-1999-12-30 | ||
| 970 | |a ΓΕΝΟΥΖΟΥ |b ΧΡΥΣΑΝΘΗ |z 2000/06/05 | ||